000 01226naa a22003497a 4500
001 BR7405614
003 BR-BrBNA
005 20240918173638.0
007 ta
008 230509b bl.||||| |||| 00| 0 por d
040 _aBR-BrBNA
_bpor
_cBiblioteca Nacional de Agricultura
041 _a(Pt)
072 _aE10; F00
_b0430
_b3575
_bG514
090 _aE10 BR7405614
100 1 _aPeres, O.G.
111 1 _aConferencia Nacional Algodoeira
_cSao Paulo, SP (Brazil)
_d23 Apr 1935
245 1 _aAs usinas de beneficiamento como factor de progresso da lavoura algodoeira [Gossypium spp; Industria agricola; Brasil]
260 3 _aSao Paulo, SP (Brasil):
_c1935.
500 _aAnnaes da Conferencia Nacional Algodoeira Sao Paulo, SP (Brasil): 1935. v. 3 p. 72-74 (BR7405614-AM)E10
650 _aMacroeconomia
650 _aProducao vegetal
650 _aAlgodao
650 _aSemente
650 _aBeneficiamento
650 _aDescarocamento
650 _aIndustria agricola
650 _aPolitica industrial
650 _aUsina
773 0 _tAnnaes da Conferencia Nacional Algodoeira
_wE10 BR7405614
_gSao Paulo, SP (Brasil), 1935. v. 3 p. 72-74
909 _a202404
_bLucia
_c55
_dLucia Elande
942 _cAM
_2AGRIS
999 _c305949
_d305949